000 00649cam a2200217 4500500
005 20260405002347.0
041 _afre
042 _adc
100 1 0 _aLegros, Martin
_eauthor
245 0 0 _a21 % des jeunes de 18 ans inquiets pour leur avenir professionnel
260 _c2017.
500 _a71
690 _adiplome
690 _aEmploi
690 _aJeunes
690 _aMarcel Gauchet
690 _aMartin Legros
690 _aTravail
786 0 _nPhilosophie magazine | 107 | 3 | 2017-03-01 | p. 10-10 | 1951-1787
856 4 1 _uhttps://shs.cairn.info/magazine-philosophie-magazine-2017-3-page-10?lang=fr&redirect-ssocas=7080
999 _c2056998
_d2056998